Pays du Moyen-Orient - Mort Subite - Statistiques

Statistiques générales
  • Ce quiz a été pris 676 fois
  • Le résultat moyen est 9 sur 16
Answers on the Grid
Answers color-coded by a green-red scale on the quiz's grid according to % correct below.
Syrie
Géorgie
Turquie
Yémen
Oman
Afghanistan
Kazakhstan
Bahrein
Qatar
Inde
Pakistan
Palestine / Israel
Liban
Egypte
Libye
Chypre
Malte
Koweit
Arabie Saoudite
Ouzbekistan
Iran
Arménie
Jordanie
Irak
Maldives
Somalie
Emirats arabes unis
Grèce
Turkménistan
Djibouti
 
Statistiques - réponses
Réponse % Correct
Syrie
93%
Qatar
71%
Oman
70%
Liban
66%
Yémen
63%
Iran
61%
Palestine / Israel
57%
Arabie Saoudite
56%
Emirats arabes unis
56%
Jordanie
56%
Koweit
56%
Bahrein
54%
Turquie
52%
Irak
51%
Egypte
41%
Chypre
31%
Aucun quiz correspondant
Distribution des résultats
% des personnes avec chaque résultat
Percentile par nombre de réponses
Votre historique - résultats
Vous n’avez pas pris ce quiz